000169886 001__ 169886 000169886 005__ 20260323121103.0 000169886 020__ $$a979-13-88046-12-4 000169886 0247_ $$2doi$$a10.26754/uz.979-13-88046-12-4 000169886 037__ $$aBOOK-2026-248 000169886 041__ $$aspa 000169886 100__ $$aLozano-Sanfèlix, Neus (aut. y ed.) 000169886 245__ $$aCartografía en Red de Aragón: Agentes Culturales 000169886 260__ $$aZaragoza$$bServicio de Publicaciones, Universidad de Zaragoza$$c2026 000169886 300__ $$a40 000169886 506__ $$aby-nc 000169886 540__ $$9info:eu-repo/semantics/openAccess 000169886 700__ $$aPascual Orts, Luis Miguel 000169886 700__ $$aGaler de Ulierte, Valle 000169886 700__ $$aSilva Dos Santos, Fabiane Cristina 000169886 700__ $$aHernández Muñoz, Silvia 000169886 700__ $$aBurgos Risco, Alfonso 000169886 700__ $$aRamos de León, Roberto 000169886 700__ $$aBlanch-Lombarte, Óscar 000169886 700__ $$aSáez Pérez, Luis Antonio 000169886 700__ $$aVidagañ Murgui, María 000169886 700__ $$aPastor Andrés, Gema 000169886 700__ $$aCaballero Caballero, Jesús 000169886 8560_ $$flplumed@unizar.es 000169886 8564_ $$uhttps://zaguan.unizar.es/record/169886/files/BOOK-2026-248.pdf$$zTexto completo 000169886 909CO $$ooai:zaguan.unizar.es:169886$$pbooks 000169886 980__ $$aBOOK$$bPRENSASUZ